000 00209nam a2200085Ia 4500
008 120527s9999 xx 000 0 und d
100 _aNorusis, J. Manja
245 _aSPSS 6.1 guide to Data analysis
942 _cBK
999 _c27115
_d27115